000 00421nam a2200181Ia 4500
008 230524s9999 xx 000 0 und d
020 _a8173195161
082 _a512
_bLUT
100 _aI.S.Luthar
245 0 _aAlgebra Vol-I : Group
250 _a1ST
260 _aNEW DELHI
_bNarosa
_c1999
300 _aXXXVI;242
500 _aQuantity Number: 2
650 _aMathematics
700 _a I.B.S.Passi
942 _cBK
999 _c3875
_d3875